<?xml version="1.0" encoding="UTF-8"?>
<record
    xmlns:xsi="http://www.w3.org/2001/XMLSchema-instance"
    xsi:schemaLocation="http://www.loc.gov/MARC21/slim http://www.loc.gov/standards/marcxml/schema/MARC21slim.xsd"
    xmlns="http://www.loc.gov/MARC21/slim">

  <leader>02534nab a2200313 i 4500</leader>
  <controlfield tag="003">BR-BrBNA</controlfield>
  <controlfield tag="005">20241004175831.0</controlfield>
  <controlfield tag="008">241004b2024    bl.qr|pooa||| 00| 0 eng |</controlfield>
  <datafield tag="040" ind1=" " ind2=" ">
    <subfield code="a">BR-BrBNA</subfield>
    <subfield code="b">eng</subfield>
  </datafield>
  <datafield tag="072" ind1=" " ind2=" ">
    <subfield code="a">F50</subfield>
  </datafield>
  <datafield tag="072" ind1=" " ind2=" ">
    <subfield code="a">F40</subfield>
  </datafield>
  <datafield tag="100" ind1=" " ind2=" ">
    <subfield code="a">Pacheco, Fernanda Ventorim </subfield>
  </datafield>
  <datafield tag="100" ind1=" " ind2=" ">
    <subfield code="a">Trancoso, Ana Clara Reis </subfield>
  </datafield>
  <datafield tag="100" ind1=" " ind2=" ">
    <subfield code="a">Alvarenga, Ivan Caldeira Almeida </subfield>
  </datafield>
  <datafield tag="100" ind1=" " ind2=" ">
    <subfield code="a">Alvarenga, Amauri Alves </subfield>
  </datafield>
  <datafield tag="100" ind1=" " ind2=" ">
    <subfield code="a">Lira, Marin&#xEA;s Ferreira Pires </subfield>
  </datafield>
  <datafield tag="245" ind1=" " ind2=" ">
    <subfield code="a">Anatomical changes in leaves of Piper aduncum L. under diff erent irradiances</subfield>
  </datafield>
  <datafield tag="500" ind1=" " ind2=" ">
    <subfield code="a">Publica&#xE7;&#xE3;o on-line; 34 ref.; 3 tables; 1 illus.; Summary (En)</subfield>
  </datafield>
  <datafield tag="520" ind1=" " ind2=" ">
    <subfield code="a">

ABSTRACT 

The aim of the study was to evaluate the effect of different light conditions on the internal structure of Piper aduncum L. leaves. P.aduncum seedlings were grown for 4 months under different light conditions achieved with shading nets (50, 70, and 100% of luminosity) and with photoconversion nets in red (RN) and blue (BN) colors. Two fully expanded leaves located at the third node were collected from five plants per treatment for paradermal and transverse sections. In the paradermal sections, stomatal density, polar and equatorial diameters, the ratio between polar and equatorial diameters, and trichome density on the abaxial and adaxialsurfaces of the epidermis were evaluated. In the transverse sections, the thickness of the adaxial and abaxial epidermis, cuticle of the adaxial surface, palisade and spongy parenchyma, and leaf blade were assessed. The vessel elements parameters were also evaluated and Carlquist vulnerability index were measured. The results show that P. aduncum changes the internal structure of its leaf when grown under different radiation conditions. It presented greater epidermis thickness, greater stomatal density and smaller diameters of vessel elements, anatomical characteristics favorable to its growth under high irradiances. 

Keywords: Monkey pepper, Ecological anatomy, Luminosity, mesophyll.
</subfield>
  </datafield>
  <datafield tag="650" ind1=" " ind2=" ">
    <subfield code="a">PIMENTA DE MACACO</subfield>
  </datafield>
  <datafield tag="650" ind1=" " ind2=" ">
    <subfield code="a">ANATOMIA VEGETAL</subfield>
  </datafield>
  <datafield tag="650" ind1=" " ind2=" ">
    <subfield code="a">RADIA&#xC7;&#xC3;O LUMINOSA</subfield>
  </datafield>
  <datafield tag="650" ind1=" " ind2=" ">
    <subfield code="a">MESOFILO</subfield>
  </datafield>
  <datafield tag="650" ind1=" " ind2=" ">
    <subfield code="a">PLANTA MEDICINAL</subfield>
  </datafield>
  <datafield tag="773" ind1="0" ind2=" ">
    <subfield code="0">3543</subfield>
    <subfield code="9">345108</subfield>
    <subfield code="d">Botucatu-SP Instituto de Bioci&#xEA;ncias - Departamento de Qu&#xED;mica e Bioqu&#xED;mica 1998</subfield>
    <subfield code="o">2024-5539</subfield>
    <subfield code="t">Revista Brasileira de Plantas Medicinais (Brazil)</subfield>
    <subfield code="x">1516-0572</subfield>
    <subfield code="g">v. 26(1) p. 27-34; (2024)</subfield>
    <subfield code="w">BR2024002651</subfield>
  </datafield>
  <datafield tag="856" ind1=" " ind2=" ">
    <subfield code="u">https://www.sbpmed.org.br/admin/files/papers/file_gZjFov137kce.pdf</subfield>
  </datafield>
  <datafield tag="942" ind1=" " ind2=" ">
    <subfield code="c">ANA</subfield>
  </datafield>
  <datafield tag="999" ind1=" " ind2=" ">
    <subfield code="c">327947</subfield>
    <subfield code="d">327947</subfield>
  </datafield>
</record>
